Statistics for County Seats of Massachusetts

Click here to take the quiz!

General Stats

  • This quiz has been taken 181 times
  • The average score is 8 of 14

Answer Stats

CountyCounty Seat% Correct
SuffolkBoston
89%
WorcesterWorcester
82%
NantucketNantucket
79%
HampdenSpringfield
79%
MiddlesexLowell & Cambridge
78%
EssexSalem & Lawrence
76%
PlymouthBrockton & Plymouth
75%
BarnstableBarnstable
63%
BerkshirePittsfield
56%
DukesEdgartown
38%
FranklinGreenfield
35%
HampshireNorthampton
35%
BristolTaunton
31%
NorfolkDedham
24%

Score Distribution

Percentile by Number Answered

Percent of People with Each Score

Your Score History

You have not taken this quiz